Verbes Irréguliers Allemand - Statistiques

Statistiques générales
  • Ce quiz a été pris 155 fois
    154 depuis la dernière actualisation
  • Le résultat moyen est 6 sur 10
Statistiques - réponses
Traduction Infinitif, Présent, Prétérit, Parfait % Correct
inviter einladen lädt ein lud ein hat eingeladen
100%
manger essen isst ass hat gegessen
100%
aller (à pied) gehen geht ging ist gegangen
100%
écrire schreiben schreibt schrieb hat geschrieben
89%
donner geben gibt gab hat gegeben
86%
commencer beginnen beginnt begann hat begonnen
83%
voir sehen sieht sah hat gesehen
83%
boire trinken trinkt trank hat getrunken
83%
aller (en véhicule) fahren fährt fuhr ist gefahren
80%
trouver finden findet fand hat gefunden
80%
parler sprechen spricht sprach hat gesprochen
80%
chanter singen singt sang hat gesungen
78%
venir kommen kommt kam ist gekommen
75%
lire lesen liest las hat gelesen
75%
prendre nehmen nimmt nahm hat genommen
73%
penser denken denkt dachte hat gedacht
70%
tomber fallen fällt fiel ist gefallen
67%
courir, couler (liquide) laufen läuft lief ist gelaufen
67%
rester bleiben bleibt blieb ist geblieben
63%
casser qqch brechen bricht brach hat gebrochen
63%
être suspendu hängen hängt hing hat gehangen
62%
aider helfen hilft half hat geholfen
60%
nager schwimmen schwimmt schwamm ist geschwommen
60%
être assis sitzen sitzt sass hat gesessen
60%
perdre verlieren verliert verlor hat verloren
60%
laisser, faire lassen lässt liess hat gelassen
58%
crier schreien schreit schrie hat geschrien
57%
laver waschen wäscht wusch hat gewaschen
57%
tenir, s'arrêter halten hält hielt hat gehalten
50%
être sein ist war ist gewesen
50%
être debout stehen steht stand hat gestanden
50%
mourir sterben stirbt starb ist gestorben
50%
rencontrer treffen trifft traf hat getroffen
44%
être allongé liegen liegt lag hat gelegen
43%
dormir schlafen schläft schlief hat geschlafen
43%
porter tragen trägt trug hat getragen
43%
voler (déplacement) fliegen fliegt flog ist geflogen
40%
gagner gewinnen gewinnt gewann hat gewonnen
40%
croître, grandir wachsen wächst wuchs ist gewachsen
33%
prier bitten bittet bat hat gebeten
25%
proposer, offrir bieten bietet bot hat geboten
21%
s'appeler heissen heisst hiess hat geheissen
20%
proposer vorschlagen schlägt vor schlug vor hat vorgeschlagen
20%
cuire (au four) backen bäckt backte hat gebacken
18%
appeler rufen ruft rief hat gerufen
17%
attraper fangen fängt fing hat gefangen
11%
Aucun quiz correspondant
Distribution des résultats
% des personnes avec chaque résultat
Percentile par nombre de réponses
Votre historique - résultats
Vous n’avez pas pris ce quiz depuis la dernière actualisation